1082 1212 1721 1151 1380 1720 1723 1566 1495 1481 1897 1331 1917 1602 1984 1442 1418 1130 1401 1670 1372 1153 1287 1405 1538 1950 1095 1308 1773 1434 1578 1822 1532 1134 1233 1714 1193 1699 1586 1261 1990 1559 1491 1098 1778 1020 1409 1351 1794 1874 1289 1633 1454 1963 1435 1164 1435 1511 1591 1190 1141 1724 1052 1492 1560 1874 1953 1331 1839 1447 1517 1699 1334 1878 1819 1293 1278 1511 1090 1176 1367 1499 1557 1727 1123 1669 1785 1592 1578 1044 1538 1356 1353 1145 1870 1094 1373 1557 1423 BCNSPRNW ULIB Ver.6.0+V

เปลี่ยนเป็นภาษาไทย

Change to English
 แสดงรายละเอียดบรรณานุกรม
  กลับหน้าหลัก

Brief Record : Get Marc (ISO 2709) : E-mail record : QR code < ปิดหน้าต่าง
LEADER : 00000nam 2200000uu 4500
001    13399114032
003     ULIB
008    120124s||||||||th 000 0 tha d
020    ^a97897499628
090    ^aนว.^bป12ฝ
100 0  ^aPark...
245 00 ฝากรักไว้ที่ปลายฟ้า 2 = Starirway to heaven/^cPark...
260    ^aกรุงเทพฯ :^bแจ่มใส,^c2547
300    ^a263 หน้า
710 1  ^aแจ่มใส
945    ^p0^l0^i018801
995    ^aเกษร
999    ^aใช้งานได้ทุกระบบ
รายการนี้ยังไม่มีแท็ก
คุณยังไม่ได้ล็อกอิน คุณสามารถมีกิจกรรมร่วมกับเว็บไซต์ได้ แต่ต้องล็อกอินก่อน ::
  ล็อกอิน

รายการสื่อสารสนเทศ

ลำดับที่ ประเภท เลขเรียก/บาร์โค้ด สถานที่ สถานะ
1. นวนิยาย
นวนิยาย
นว. ป12ฝ ฉ.1 
  Barcode: 018801
ห้องสมุดวิทยาเขตสวรรค์ประชารักษ์
►นวนิยาย
บนชั้น
  ขอยืม

BibComment


ยังไม่เคยถูกคอมเมนท์

คอมเมนท์ทรัพยากรรายการนี้
  คอมเมนท์: ฝากรักไว้ที่ปลายฟ..


 Copyright 2026. Bcnsprnw @Library